[Event "Omsk-ch"]
[Site "Omsk"]
[Date "2015.02.17"]
[Round "2"]
[White "Polyanskaya, Elizaveta"]
[Black "Sosunov, Sergey"]
[Result "1-0"]
[WhiteElo "1611"]
[BlackElo "1690"]
[PlyCount "67"]
[EventDate "2015.02.16"]
[EventType "swiss"]
[EventRounds "9"]
[EventCountry "RUS"]
[SourceTitle "CBM 165 Extra"]
[Source "ChessBase"]
[SourceDate "2015.04.21"]
[SourceVersion "1"]
[SourceVersionDate "2015.04.21"]
[SourceQuality "1"]

1. e4 c5 2. Nf3 d6 3. d4 cxd4 4. Nxd4 Nf6 5. Nc3 a6 6. Be2 e6 7. Be3 Be7 8. 0-0 0-0 9. Kh1 e5 10. Nb3 Be6 11. Bf3 Qc7 12. Qd2 Nbd7 13. Rad1 Bc4 14. Rfe1 Bxb3 15. axb3 b5 16. Ne2 Rfd8 17. Ng3 g6 18. Bh6 Bf8 19. Bg5 Rdc8 20. c3 Qb6 21. Be2 Rc6 22. Rf1 Qd8 23. Bg4 Qe8 24. Be2 Rb8 25. h4 h5 26. f4 Nh7 27. f5 Nxg5 28. Qxg5 Kh7 29. Qe3 Bh6 30. Qf3 Qe7 31. fxg6+ Kg8 32. Nf5 Qf8 33. Nxh6+ Qxh6 34. Qxf7+ 1-0

[Event "Omsk Rating op"]
[Site "Omsk"]
[Date "2014.10.18"]
[Round "7"]
[White "Bogachkov, Viktor"]
[Black "Sosunov, Sergey"]
[Result "1-0"]
[WhiteElo "1902"]
[BlackElo "1673"]
[PlyCount "29"]
[EventDate "2014.10.06"]
[EventType "swiss"]
[EventRounds "9"]
[EventCountry "RUS"]
[SourceTitle "EXT 2023"]
[Source "ChessBase"]
[SourceDate "2022.10.05"]
[SourceVersion "1"]
[SourceVersionDate "2022.10.05"]
[SourceQuality "1"]

1. d4 d5 2. Nf3 Nf6 3. Bf4 e6 4. e3 Be7 5. c4 c6 6. Nc3 0-0 7. c5 b6 8. b4 a5 9. Na4 bxc5 10. bxc5 Ba6 11. Bxa6 Nxa6 12. Qd3 g6 13. Rb1 Nd7 14. 0-0 f6 15. Bb8 1-0

[Event "Omsk op 06"]
[Site "Omsk"]
[Date "2014.07.05"]
[Round "9"]
[White "Sosunov, Sergey"]
[Black "Chermashentsev, Alexander"]
[Result "1-0"]
[WhiteElo "1671"]
[BlackElo "1635"]
[PlyCount "70"]
[EventDate "2014.06.20"]
[EventType "swiss"]
[EventRounds "9"]
[EventCountry "RUS"]
[SourceTitle "EXT 2016"]
[Source "ChessBase"]
[SourceDate "2015.10.08"]
[SourceVersion "1"]
[SourceVersionDate "2015.10.08"]
[SourceQuality "1"]

1. e4 e5 2. Nf3 Nf6 3. Nc3 Bb4 4. d3 d5 5. exd5 Nxd5 6. Bd2 Bxc3 7. bxc3 Nc6 8. h3 Qd6 9. a4 0-0 10. g3 f5 11. Bg2 f4 12. g4 Bd7 13. 0-0 Rae8 14. Nh2 Nd8 15. Re1 Bc6 16. c4 Ne7 17. Rb1 Bxg2 18. Kxg2 b6 19. Qf3 Ng6 20. Qd5+ Nf7 21. Nf3 Rd8 22. Qxd6 Rxd6 23. Bc3 Re8 24. Kh2 Rde6 25. Re4 Nd6 26. Ree1 e4 27. Nd4 R6e7 28. Nc6 Rf7 29. Bb4 e3 30. Bxd6 cxd6 31. Nd4 Ne5 32. fxe3 fxe3 33. Kg3 Ng6 34. Nf5 Ref8 35. Rxe3 Ne5 1-0

[Event "Omsk op 05"]
[Site "Omsk"]
[Date "2014.05.17"]
[Round "9"]
[White "Vasiljev, Artem"]
[Black "Sosunov, Sergey"]
[Result "1-0"]
[WhiteElo "1770"]
[BlackElo "1674"]
[PlyCount "79"]
[EventDate "2014.05.01"]
[EventType "swiss"]
[EventRounds "9"]
[EventCountry "RUS"]
[SourceTitle "EXT 2016"]
[Source "ChessBase"]
[SourceDate "2015.10.08"]
[SourceVersion "1"]
[SourceVersionDate "2015.10.08"]
[SourceQuality "1"]

1. e4 d5 2. exd5 Qxd5 3. Nc3 Qa5 4. d4 Nf6 5. Bc4 c6 6. h3 Bf5 7. Nf3 e6 8. 0-0 Bd6 9. Bg5 Be7 10. Re1 0-0 11. Qe2 Re8 12. Bb3 h6 13. Bd2 Qc7 14. Ne5 Nbd7 15. g4 Bh7 16. Nxf7 Bd6 17. Bxe6 Kf8 18. g5 hxg5 19. Nxg5 Bg8 20. Qc4 Nb6 21. Qb3 Nbd5 22. Nxd5 cxd5 23. Bxg8 Kxg8 24. Ne6 Qf7 25. Ng5 Qd7 26. Qf3 Bc7 27. Bf4 Qf5 28. Be3 Qg6 29. h4 Re7 30. c3 Rae8 31. Kh1 Ne4 32. Qg4 Qd6 33. Qh3 Rf8 34. Nxe4 Rxe4 35. Rg1 Rf3 36. Qc8+ Kh7 37. Rxg7+ Kxg7 38. Rg1+ Kf7 39. Qg8+ Ke7 40. Rg7+ 1-0

[Event "Omsk Summer op"]
[Site "Omsk"]
[Date "2013.06.15"]
[Round "8"]
[White "Silchenko, Stepan"]
[Black "Sosunov, Sergey"]
[Result "1-0"]
[WhiteElo "1618"]
[BlackElo "1693"]
[PlyCount "55"]
[EventDate "2013.06.08"]
[EventType "swiss"]
[EventRounds "9"]
[EventCountry "RUS"]
[SourceTitle "EXT 2014"]
[Source "ChessBase"]
[SourceDate "2013.11.20"]
[SourceVersion "1"]
[SourceVersionDate "2013.11.20"]
[SourceQuality "1"]

1. Nf3 c5 2. g3 b6 3. Bg2 Bb7 4. 0-0 Nf6 5. b3 e6 6. c4 Be7 7. Bb2 Qc7 8. Nc3 h6 9. d3 0-0 10. Qc2 Nc6 11. a3 Rfd8 12. Rfd1 d6 13. Rac1 Rab8 14. d4 cxd4 15. Nxd4 Nxd4 16. Rxd4 Bxg2 17. Kxg2 Qb7+ 18. f3 Rbc8 19. Ne4 Ne8 20. h4 a6 21. Qd2 f5 22. Nc3 Bf6 23. Rd3 Bxc3 24. Bxc3 Qc7 25. Qe3 e5 26. Bb2 Qc5 27. Qd2 Qc7 28. Rd1 1-0

[Event "Omsk op"]
[Site "Omsk"]
[Date "2012.02.10"]
[Round "8"]
[White "Zhmakin, Ivan"]
[Black "Sosunov, Sergey"]
[Result "1-0"]
[WhiteElo "1783"]
[BlackElo "1668"]
[PlyCount "43"]
[EventDate "2012.01.29"]
[EventType "swiss"]
[EventRounds "9"]
[EventCountry "RUS"]
[SourceTitle "EXT 2022"]
[Source "ChessBase"]
[SourceDate "2021.10.06"]
[SourceVersion "1"]
[SourceVersionDate "2021.10.06"]
[SourceQuality "1"]

1. e4 e5 2. Nf3 Nc6 3. d3 d6 4. h3 Be7 5. Be2 Nf6 6. c3 b6 7. 0-0 0-0 8. Nh2 Na5 9. b4 Nb7 10. Bb2 c5 11. a3 a6 12. Nd2 Be6 13. f4 Qc7 14. f5 Bd7 15. Qe1 Bc6 16. c4 b5 17. Bf3 bxc4 18. Nxc4 Bb5 19. Rd1 Bxc4 20. dxc4 cxb4 21. axb4 Rfc8 22. Rc1 1-0

[Event "Omsk op"]
[Site "Omsk"]
[Date "2012.02.07"]
[Round "6"]
[White "Petrenko, Mikhail"]
[Black "Sosunov, Sergey"]
[Result "0-1"]
[WhiteElo "1592"]
[BlackElo "1668"]
[PlyCount "56"]
[EventDate "2012.01.29"]
[EventType "swiss"]
[EventRounds "9"]
[EventCountry "RUS"]
[SourceTitle "EXT 2022"]
[Source "ChessBase"]
[SourceDate "2021.10.06"]
[SourceVersion "1"]
[SourceVersionDate "2021.10.06"]
[SourceQuality "1"]

1. e4 e5 2. Nc3 Nc6 3. d3 Nf6 4. g3 Be7 5. Bg2 d6 6. Nge2 Bg4 7. 0-0 0-0 8. h3 Be6 9. f4 exf4 10. Nxf4 a6 11. Be3 Ne5 12. Kh2 c6 13. Qd2 Qc7 14. Bd4 d5 15. exd5 cxd5 16. Nfxd5 Nxd5 17. Bxd5 Ng6 18. Bxe6 fxe6 19. Qe3 e5 20. Bb6 Qc6 21. Rf2 Rxf2+ 22. Qxf2 Rf8 23. Qe3 Rf3 24. Qe2 Qf6 25. Nd5 Qf7 26. Nxe7+ Nxe7 27. Kg2 Rf6 28. c4 Rxb6 0-1

[Event "Omsk-ch"]
[Site "Omsk"]
[Date "2011.11.22"]
[Round "7"]
[White "Sosunov, Sergey"]
[Black "Riabinina, Margarita"]
[Result "1/2-1/2"]
[WhiteElo "1729"]
[BlackElo "1734"]
[PlyCount "22"]
[EventDate "2011.11.13"]
[EventType "swiss"]
[EventRounds "9"]
[EventCountry "RUS"]
[SourceTitle "EXT 2013"]
[Source "ChessBase"]
[SourceDate "2012.11.22"]
[SourceVersion "1"]
[SourceVersionDate "2012.11.22"]
[SourceQuality "1"]

1. d4 Nf6 2. Nf3 d6 3. c4 Nbd7 4. g3 g6 5. Bg2 Bg7 6. Nbd2 0-0 7. 0-0 e5 8. e4 exd4 9. Nxd4 Ne5 10. Qc2 Re8 11. Re1 h5 1/2-1/2

[Event "Omsk-ch"]
[Site "Omsk"]
[Date "2011.11.15"]
[Round "2"]
[White "Usatchev, Sergei"]
[Black "Sosunov, Sergey"]
[Result "1-0"]
[WhiteElo "1880"]
[BlackElo "1729"]
[PlyCount "23"]
[EventDate "2011.11.13"]
[EventType "swiss"]
[EventRounds "9"]
[EventCountry "RUS"]
[SourceTitle "EXT 2013"]
[Source "ChessBase"]
[SourceDate "2012.11.22"]
[SourceVersion "1"]
[SourceVersionDate "2012.11.22"]
[SourceQuality "1"]

1. d4 d5 2. c4 e6 3. Nc3 Nf6 4. Bg5 Be7 5. e3 a6 6. cxd5 exd5 7. Bd3 Bg4 8. Qc2 Nbd7 9. f4 h6 10. Bxf6 Bxf6 11. f5 Qe7 12. Nxd5 1-0

[Event "Omsk-ch"]
[Site "Omsk"]
[Date "2011.11.13"]
[Round "1"]
[White "Sosunov, Sergey"]
[Black "Lunga, Oleg"]
[Result "0-1"]
[WhiteElo "1729"]
[BlackElo "1619"]
[PlyCount "38"]
[EventDate "2011.11.13"]
[EventType "swiss"]
[EventRounds "9"]
[EventCountry "RUS"]
[SourceTitle "EXT 2013"]
[Source "ChessBase"]
[SourceDate "2012.11.22"]
[SourceVersion "1"]
[SourceVersionDate "2012.11.22"]
[SourceQuality "1"]

1. d4 Nf6 2. Nf3 g6 3. Bg5 Bg7 4. Bxf6 Bxf6 5. g3 0-0 6. Bg2 d6 7. 0-0 Nd7 8. Nbd2 c5 9. e3 Qb6 10. Nc4 Qb4 11. b3 Rb8 12. Qd3 b5 13. Ncd2 Ba6 14. c3 Qa5 15. Rfc1 cxd4 16. b4 Qa3 17. exd4 Rfc8 18. Ne4 Bg7 19. Ned2 Nb6 0-1

[Event "Omsk CC-ch sf"]
[Site "Omsk"]
[Date "2011.07.05"]
[Round "11"]
[White "Golovko, Evgenij"]
[Black "Sosunov, Sergey"]
[Result "1-0"]
[WhiteElo "2215"]
[BlackElo "1712"]
[PlyCount "89"]
[EventDate "2011.06.20"]
[EventType "swiss"]
[EventRounds "11"]
[EventCountry "RUS"]
[SourceTitle "EXT 2023"]
[Source "ChessBase"]
[SourceDate "2022.10.05"]
[SourceVersion "1"]
[SourceVersionDate "2022.10.05"]
[SourceQuality "1"]

1. c4 c5 2. Nc3 Nc6 3. g3 b6 4. Bg2 Bb7 5. d3 Nf6 6. Bg5 e6 7. Nf3 d6 8. 0-0 Be7 9. a3 Rb8 10. b4 0-0 11. b5 Nd4 12. a4 Ng4 13. Bxe7 Qxe7 14. a5 f5 15. axb6 axb6 16. e3 Bxf3 17. Bxf3 Nxf3+ 18. Qxf3 Ne5 19. Qe2 Qb7 20. f4 Ng4 21. Ra6 Ra8 22. Rfa1 Rxa6 23. bxa6 Qc6 24. Nb5 Ra8 25. a7 d5 26. Qf3 Qd7 27. h3 Nf6 28. g4 fxg4 29. hxg4 Ne8 30. f5 exf5 31. Qxd5+ Qxd5 32. cxd5 Kf7 33. gxf5 Ke7 34. e4 Kd7 35. Kf2 Nd6 36. Nxd6 Kxd6 37. Ke3 Ke5 38. Ra6 Kf6 39. Rxb6+ Kg5 40. Rb7 Kf6 41. Kf4 g5+ 42. fxg6 Kxg6 43. e5 h5 44. d6 Rf8+ 45. Ke4 1-0

[Event "Omsk CC-ch sf"]
[Site "Omsk"]
[Date "2011.06.23"]
[Round "3"]
[White "Mikhailovsky, Viktor"]
[Black "Sosunov, Sergey"]
[Result "1-0"]
[WhiteElo "1977"]
[BlackElo "1712"]
[PlyCount "83"]
[EventDate "2011.06.20"]
[EventType "swiss"]
[EventRounds "11"]
[EventCountry "RUS"]
[SourceTitle "EXT 2023"]
[Source "ChessBase"]
[SourceDate "2022.10.05"]
[SourceVersion "1"]
[SourceVersionDate "2022.10.05"]
[SourceQuality "1"]

1. d4 d5 2. g3 c6 3. Bg2 Nf6 4. Nd2 Bf5 5. f3 h6 6. e4 dxe4 7. fxe4 Bg6 8. c3 e6 9. Qb3 Qb6 10. Ne2 Be7 11. Nf4 Bh7 12. Qc4 Nbd7 13. 0-0 a6 14. a4 e5 15. Nd3 exd4 16. cxd4 0-0 17. Kh1 Rac8 18. b4 Qd8 19. Bb2 a5 20. bxa5 Qxa5 21. Bc3 Qa6 22. Qxa6 bxa6 23. a5 Nd5 24. exd5 Bxd3 25. dxc6 Bxf1 26. Rxf1 Nf6 27. Re1 Rfe8 28. Nc4 Bf8 29. Rxe8 Nxe8 30. d5 f6 31. Nb6 Rc7 32. Bf1 Bc5 33. Bxa6 Nd6 34. Nd7 Ba7 35. Bb4 Nf7 36. Bb7 Nd8 37. a6 Kf7 38. d6 Rxc6 39. Bxc6 Nxc6 40. Bc5 Ke6 41. Nb6 Bxb6 42. Bxb6 1-0

[Event "Omsk-ch op"]
[Site "Omsk"]
[Date "2009.02.23"]
[Round "9"]
[White "Toder, Alexander"]
[Black "Sosunov, Sergey"]
[Result "1-0"]
[WhiteElo "2016"]
[BlackElo "1732"]
[PlyCount "77"]
[EventDate "2009.02.12"]
[EventType "swiss"]
[EventRounds "11"]
[EventCountry "RUS"]
[SourceTitle "CBM 129 Extra"]
[Source "ChessBase"]
[SourceDate "2009.05.05"]
[SourceVersion "2"]
[SourceVersionDate "2009.05.20"]
[SourceQuality "1"]

1. e4 e5 2. Nf3 Nc6 3. Bc4 Be7 4. 0-0 d6 5. c3 Bg4 6. h3 Bxf3 7. Qxf3 Nf6 8. d3 0-0 9. Re1 Na5 10. Bb5 a6 11. Ba4 b5 12. Bc2 c5 13. Nd2 Qc7 14. Nf1 Rfe8 15. Ng3 g6 16. Qe2 Kg7 17. f4 exf4 18. Bxf4 Nd7 19. d4 Bh4 20. Qf2 Bxg3 21. Bxg3 Nb7 22. Rf1 Rf8 23. e5 dxe5 24. dxe5 Qc6 25. Rae1 Qb6 26. Be4 Rae8 27. Qf3 Nd8 28. Bd5 Ne6 29. Rd1 Qc7 30. Rfe1 Kg8 31. Bc6 Ng5 32. Qd5 Nb6 33. Qd6 Qxd6 34. exd6 Rxe1+ 35. Rxe1 Ne6 36. d7 g5 37. Bd6 Rd8 38. Be7 Rxd7 39. Bxd7 1-0